Statistics for Things that are East

Click here to take the quiz!

General Stats

  • This quiz has been taken 33 times
  • The average score is 7 of 13

Answer Stats

HintAnswer% Correct
Holiday to celebrate the death and resurrection of JesusEaster
96%
Officially the German Democratic Republic, this was a state that existed from 1949 to 1990East Germany
87%
Dirty Harry and Gran Torino actorClint Eastwood
83%
Southeast Asian nation occupying half of an island of which it shares it's name, just off the coast of IndonesiaEast Timor
83%
Group of communist states under the hegemony of the Soviet UnionEastern Bloc
70%
Soap opera set in WalfordEastenders
65%
She used to meet me on the ________ In the city where the sun don't set - song by Khalid and HalseyEastside
57%
Had a Christmas No.1 with 'Stay Another Day'East 17
39%
The city of Beirut is sometimes informally referred to as this, in relation to another glamorous French cityParis of the East
39%
One of the two leagues that make up the NBA in the USA, the same league the Boston Celtics and Miami Heat play inEastern Conference
30%
1999 film set in Salford about a mixed-ethnicity British household headed by a Pakistani fatherEast is East
30%
Officially named Anticyclone Hartmut, this was a storm that battered the UK in February 2018Beast from the East
26%
A tennis tournament on the Women's Tennis Association Tour held at the Devonshire Park Lawn Tennis ClubEastbourne International
17%

Score Distribution

Percentile by Number Answered

Percent of People with Each Score

Your Score History

You have not taken this quiz